000 00718nam a2200229Ia 4500
003 OSt
005 20251110141824.0
008 220923b |||||||| |||| 00| 0 eng d
020 _a0415191378
037 _cGeneral Book
040 _aRTL
_cRTL
_beng
041 _2eng
_aeng
084 _aY:3(P), N8
_qRTL
100 _aBlommaert, Jan
_9289568
245 0 _aDebating diversity: analysing the discourse of tolerance
_b
260 _aLondon
_bRoutledge
_c1998
300 _axiv, 233 p.
_bIncludes bibliographical references and index.
500 _aBibliography: P 219-26
700 _a Verschueren, Jef
_911299
_eCo author
942 _hY:3(P), N8
_cGB
_2CC
_n0
999 _c579446
_d579446